00312 a2200121 4500001000700000020001800007040003500025100002800060240004500088245004000133300000800173362000900181156300 a9788516075699 cEscola São Tomás de Aquino aCANTO, Eduardo Leite do10aQuímica na abordagem do cotidianolpor10aQuímica na abordagem do cotidiano a6780 a2012